00767nam a2200205 a 450000100100000000500170001000800410002704000250006808200170009310000420011024500730015226000480022530000260027365000340029965000460033370000350037904900090041495201210042399900170054400002421320200930022820.0110120s1979 ag r 000 p spa d aDO-SdBNPbspacBNPHU a811.5bR719p1 aRoethke, Theodore,d1908-1963.94973410aPoemas /cTheodore Roethke ; versión y prólogo de Alberto Girri. aBuenos Aires, Argentina :bFraterna,c1979. a101, [6] p. ;c23 cm. 4aPoesía estadounidense96278 4aLiteratura estadounidenseySIGLO XX968741 aGirri, Albertoepról.949735 aBNGR 001054708MOaGRbGRcCTd2011-01-20iLF1l0o811.5 R719pp24213-10r2020-06-25w2020-06-25y4ZPréstamo en sala c23707d23707